| 000 | 00000nas 2200000za 4500 |
| 001 | 9.506352 |
| 003 | CaOODSP |
| 005 | 20250714093736 |
| 007 | cr ||||||||||| |
| 008 | 150406c20009999mbcar p o f0 a0eng|d |
| 022 | |a1704-5118 |
| 040 | |aCaOODSP|beng |
| 043 | |an-cn--- |
| 086 | 1 |aA92-11E-PDF |
| 110 | 2 |aCanadian Grain Commission. |
| 210 | 0 |aOff. grain grading guide |
| 222 | 0|aOfficial grain grading guide |
| 240 | 10|aOfficial grain grading guide (Online) |
| 245 | 10|aOfficial grain grading guide |h[electronic resource]. |
| 260 | |aWinnipeg : |bCanadian Grain Commission, |c2000- |
| 310 | |aAnnual |
| 362 | 1 |aBegan with August 1, 2000. |
| 500 | |aIssued also in French under title: Guide officiel du classement des grains. |
| 515 | |aIssued twice in 2021, July and August. |
| 690 | 07|aAssessment|2gcpds |
| 690 | 07|aGrains|2gcpds |
| 775 | 08|tGuide officiel du classement des grains |w(CaOODSP)9.502750 |